00345nam a2200133Ia 4500008004100000041000800041082001400049100002000063245003700083250001500120260003800135300003100173365000700204240624s9999 xx 000 0 und d aeng a658.5 CHA aCHASE RICHARD B aOPERATIONS AND SUPPLY MANAGEMENT a(12th ed.) c2010aNew DelhibTata McGraw-Hill axxv, : 914 : p. : cm. ; 23 cRS